| 000 | 00632nam a2200145Ia 4500 | ||
|---|---|---|---|
| 008 | 170221s9999 xx 000 0 und d | ||
| 100 | _aI.P. Gladilina, S.L. Razumovskiy, E.A. Rumyantseva, S.A. Sergeeva, E.A. Vetrova, I.G. Shadskaja | ||
| 245 | _aCreativity-oriented Approach of Higher Education in Russian Federation | ||
| 245 | _cI.P. Gladilina, S.L. Razumovskiy, E.A. Rumyantseva, S.A. Sergeeva, E.A. Vetrova, I.G. Shadskaja | ||
| 260 | _bInternational Review of Management and Marketing | ||
| 260 | _c2016 | ||
| 300 | _a15 : 13 | ||
| 650 | _xMarketing. | ||
| 856 | _uhttp://www.econjournals.com/index.php/irmm/issue/view/75 | ||
| 999 |
_c311967 _d311967 |
||